[Event "Goodricke op 07th"]
[Site "Kolkata"]
[Date "1996.??.??"]
[Round "9"]
[White "Speelman, Jonathan S"]
[Black "Shcherbakov, Ruslan"]
[Result "1/2-1/2"]
[WhiteElo "2625"]
[BlackElo "2565"]
[Annotator "Speelman,J"]
[PlyCount "86"]
[EventDate "1996.02.??"]
[EventType "swiss"]
[EventRounds "11"]
[EventCountry "IND"]
[SourceTitle "CBM 050 Extra"]
[Source "ChessBase"]
[SourceDate "1996.03.01"]
[SourceVersion "1"]
[SourceVersionDate "1996.03.01"]
[SourceQuality "1"]

1. c4 e6 2. Nf3 d5 3. d4 c6 4. Qc2 Nf6 5. Bg5 h6 6. Bh4 $5 dxc4 $5 7. Qxc4 b5
8. Qc2 Bb7 9. Bxf6 $1 Qxf6 (9... gxf6 $5) 10. e3 Nd7 11. Nc3 a6 12. Bd3 Bd6 (
12... c5 $2 13. Be4) (12... Bb4 13. O-O Bxc3 14. bxc3 O-O 15. a4 Nb6 16. Ne5
Rfd8 (16... c5 17. axb5) 17. Be4 $16 (17. c4 c5 18. axb5 cxd4 19. exd4 Rxd4 20.
Nc6)) 13. O-O (13. Ne4 Qe7 14. Rc1 Bb4+ 15. Ke2 c5 16. Nxc5 (16. dxc5 Nxc5 $1
17. Nxc5 Rc8 18. Be4 (18. Qb3 Rxc5 19. a3 (19. Qxb4 $2 Rc2+)) 18... Rxc5 {
transposes}) 16... Nxc5 17. dxc5 Rc8 18. Be4 Rxc5 19. Qd3 O-O 20. Bxb7 Qxb7 $14
) 13... Qe7 14. Rac1 Rc8 15. Rfd1 {threatening Ne4} (15. Ne4 c5 16. Nxd6+ Qxd6
17. Be4 Bxe4 18. Qxe4 O-O {Black is at least equal.}) 15... c5 (15... O-O $6
16. Ne4 c5 17. Nxd6 Qxd6 18. dxc5 $18 Qxc5 $1 {Howell} 19. Bh7+ Kh8 20. Rxd7
Qb6 21. Rc7 Rxc7 22. Qxc7 Qxc7 23. Rxc7 Bxf3 24. gxf3 Kxh7 25. Ra7 $16) 16.
dxc5 (16. Be4 Bxe4 17. Nxe4 c4 $13) 16... Nxc5 17. Nxb5 $1 (17. Bxb5+ $2 axb5
18. Nxb5 Bb8 19. b4 Bxf3 20. gxf3 Qb7 $1 21. a4 Qxf3) 17... axb5 18. Bxb5+ Kf8
19. b4 Bxf3 20. gxf3 Qg5+ 21. Kf1 Ke7 $1 22. bxc5 Rxc5 23. Qd3 $1 (23. Qa4 Rxc1
24. Rxc1 Bxh2 $5 {xRc1}) 23... Rd5 $2 {accompanied by a draw offer since he'd
obviously missed} (23... Rd8 24. Rxc5 Qxc5) 24. Qc4 Rxd1+ (24... Rxb5 25. Rxd6
$1 Rhb8 26. Qc7+ Kf8 27. Rcd1 $16) (24... Rc5 25. Qd4 Rd8 $1) 25. Rxd1 Rd8 (
25... Bxh2 $2 {is desperately dangerous tho' not completely clear} 26. Rd7+ Kf6
27. f4 Qg1+ 28. Ke2 h5 (28... Qg4+ 29. Kd2 h5 30. Qe4 Qg1 31. Be2 $2 (31. Qe5+
Kg6 32. Be2 h4 (32... Qg2 33. a4 Bg1 34. a5 Bxf2 35. a6 Bh4 36. a7) 33. a4 h3
34. a5 Qg2 35. a6 Bg1 36. a7 h2 37. a8=Q h1=Q 38. Bd3+ $18) 31... Qa1 $1) 29.
Qc7 Rf8 (29... Kg6 30. Rxf7 Kh6 31. Qe5 (31. Bd3 Qg4+ 32. Kd2 Qg2 33. Qe5 Qxf2+
34. Kc3 Qe1+ 35. Kb3 Qd1+) 31... Qg4+ 32. Kd2) 30. Bd3 Qa1 31. Qc5 $18) 26. Qc6
$2 (26. a4 Qc5 27. Qh4+ Qg5 {He can probably just about hold but Qc6 was
completely dumb.}) 26... Qc5 27. a4 Qxc6 28. Bxc6 Rc8 29. Bb5 Rc5 30. f4 g5 31.
fxg5 hxg5 32. h3 f5 33. Ke2 $5 (33. Rd2) 33... Rc2+ {Although he was in time
trouble, I reckoned he was too active with the rooks n} 34. Rd2 $5 Rxd2+ 35.
Kxd2 Bc7 36. Kc3 Ba5+ 37. Kc4 Kd6 38. f3 Bb6 39. e4 fxe4 40. fxe4 e5 41. Be8
Be3 $1 42. a5 Kc7 43. Kd5 Bf4 $1 1/2-1/2

[Event "ENG-chT"]
[Site "England"]
[Date "1994.??.??"]
[Round "?"]
[White "Speelman, Jonathan S"]
[Black "Muir, Andrew Joseph"]
[Result "1-0"]
[WhiteElo "2605"]
[BlackElo "2340"]
[Annotator "Speelman,J"]
[PlyCount "87"]
[EventDate "1994.??.??"]
[EventType "team"]
[EventRounds "7"]
[EventCountry "ENG"]
[SourceTitle "CBM 040"]
[Source "ChessBase"]
[SourceDate "1994.06.01"]
[SourceVersion "1"]
[SourceVersionDate "1994.06.01"]
[SourceQuality "1"]

1. d4 d5 2. c4 e6 3. Nf3 Nf6 4. Bg5 dxc4 5. Qa4+ Nbd7 6. Nc3 (6. Qxc4 c5) 6...
a6 7. e4 b5 $5 8. Nxb5 Rb8 (8... axb5 9. Qxa8 Bb4+ 10. Bd2 Nb6 11. Qa7 Bxd2+
12. Nxd2 O-O $44) 9. Nc3 (9. Na7 $2 Rb4 $1 10. Qc2 Bb7 {xNa7}) (9. Na3 Bb4+ 10.
Bd2 Bxa3 11. Qxa3 Nxe4) 9... Rxb2 10. Ne5 (10. e5 Bb4 11. O-O-O Bxc3 12. exf6
gxf6 13. Bd2 Rb4 $1 14. Qxb4 (14. Qa3 Bb2+) (14. Qa5 Rb1+) (14. Qc6 Bb7) 14...
Bxb4 15. Bxb4 Nb6 $19) 10... Bb7 $2 (10... Bb4 $6 11. Qxb4 $1 Rxb4 12. Nc6 h6 (
12... Nxe4 $2 13. Nxe4 $1) (12... Nd5 13. Bxd8 Nxc3 14. Nxb4 $18) 13. Nxd8 (13.
Bd2 Nxe4 14. Nxd8 Nxd2 $13) (13. Be3 Nxe4 14. Nxd8 Nxc3 15. Nc6 $13) 13... hxg5
14. Nc6) (10... h6 11. Bc1 (11. Nc6 Nb6 12. Nxd8+ Nxa4 13. Nxa4 Rb4 (13... Bb4+
$5 14. Kd1 hxg5 (14... Rxf2 15. Nc6 Bd7 16. Nxb4 Bxa4+ 17. Ke1 Rb2 18. Bxf6
gxf6 19. Nxa6) 15. Nxb2 Nxe4 $13) 14. Bxf6 gxf6 15. Nc3 Kxd8 $17) 11... Rb4 12.
Qc2 c5 $5) (10... c5 11. d5 (11. Nc6 Qb6 12. d5 Nxe4 $1 13. Nxe4 Rb1+ 14. Rxb1
Qxb1+ 15. Kd2 Qxe4 16. Qxc4 (16. Bxc4 Nb6) (16. dxe6 $4 c3+) 16... Qxc4 (16...
Qxd5+ $2 17. Qxd5 exd5 18. Bxa6 $1 Bxa6 19. Re1+ Ne5 20. Rxe5+ Kd7 21. Nb8+ Kd6
(21... Kc7 22. Nxa6+ Kb7 23. Nxc5+ (23. Re8 $5 Kxa6 24. Be7 Bxe7 25. Rxh8)
23... Bxc5 24. Rxd5 Bxf2 25. Rf5 Bd4 26. Rxf7+ $16) 22. Bf4 $18) 17. Bxc4 Nb6
$17) 11... Rb4 $1 12. Qc6 Rb6 13. dxe6 fxe6 $1 (13... Rxc6 $4 14. exf7+ Ke7 15.
Nxc6+) 14. Qa4 Rb4 $1 15. Qc6 $1 $10 (15. Nc6 Rxa4 (15... Qc7 16. Nxb4 cxb4 17.
Bxf6 gxf6 18. Nd1 Kf7 {Black has some compensation}) (15... Nb6 $5 16. Qxb4 (
16. Qa5 {or indeed 16 Qc2}) 16... cxb4 17. Nxd8 bxc3 $1 18. Nc6 $13) 16. Nxd8
Ra3 17. Nb1 Ra4 {White isn't' better})) 11. Nxc4 (11. Bxf6 gxf6 12. Nxc4 Rb4 (
12... Bb4 $6 13. O-O-O Bxc3 14. Nxb2) 13. Qc2 Ba8 14. a3 Rb8) 11... Rb4 (11...
Rxf2 $2 12. Rb1 $16) 12. Qc2 {intending a3 xRb4} Ba8 (12... Nb6 13. a3 $1 Nxc4
(13... Rxc4 14. Bxc4 Qxd4 15. Bd3 Nxe4 16. Bxe4 Bxe4 17. Qxe4 Qxc3+ 18. Ke2 $18
) 14. axb4 Qxd4 15. Rd1 Na3 16. Qa4+ $1) 13. e5 h6 14. Bd2 Nd5 $5 (14... Ng4
15. Nd1 $1 $16 {is safe and strong} (15. Ne4 Qh4 16. g3 $2 (16. Ncd6+ Bxd6 17.
Nxd6+ cxd6 18. Bxb4 (18. Qc8+ $4 Ke7 19. exd6+ Kf6 $19) 18... O-O 19. Bxd6 Ne3
(19... Bxg2 $2 20. Bxg2 Ne3 21. Qe4) 20. Qc3 Nxg2+ {unclear /+/-}) 16... Ne3 $1
)) (14... Nh5) (14... Ng8) 15. Nxd5 Bxd5 16. Nd6+ $1 Bxd6 (16... cxd6 17. Bxb4
dxe5 18. Bxf8 $16 {or winning}) 17. exd6 Rb7 18. Ba5 Qa8 (18... Nb6 19. dxc7 (
19. Bxa6 $5 Qa8 $1 (19... Ra7 20. dxc7 Rxc7 21. Bb5+ $18) 20. Bxb6 (20. Bb5+
Nd7) 20... Qxa6 $1 (20... cxb6 21. Bb5+ $18) 21. dxc7 Kd7 $1 $8) 19... Rxc7 20.
Qb2 Rb7 21. Rb1 (21. Bxa6 Nc4 22. Bb5+ $1 Kf8) 21... O-O 22. Bxb6 Qd6 (22...
Qa8 23. Qa3) 23. Bxa6 $18) (18... O-O 19. Bxa6 $5 (19. dxc7 Qa8 {is the game})
19... Qa8 20. Bxb7 Qxa5+ 21. Qd2 Qxd2+ 22. Kxd2 Bxb7 23. dxc7 Ra8 24. Rhb1 Bc8
25. Rb2) 19. dxc7 O-O 20. h4 (20. Bxa6 Qxa6 21. c8=Q Rxc8 22. Qxc8+ Kh7 {
and Black has a very strong attack.}) 20... Rc8 21. Rh3 Qa7 22. Rc1 $1 (22. Qd2
$2 Nb6 $1) 22... Qxd4 (22... Nb6 23. Rc3) 23. Qc3 (23. Bxa6 $5 Rb2 (23... Bxg2)
24. Bxc8 Rxc2 25. Rxc2 Qa4) 23... Qxc3+ $6 (23... Qe4+ $5 24. Re3 Qxh4 25. Bxa6
Bxg2 26. Rg3 Qe4+ 27. Qe3 Qa4 (27... Qxe3+ 28. fxe3 Bd5 29. Rg4 $18) 28. Bc3
Qxa6 29. Rxg7+ Kf8 30. Qf4 (30. Qxh6 Qf1+) 30... f5 (30... f6 31. Rxd7 Ke8 32.
Rd6 Rb6 33. Rd8+ Rxd8 34. cxd8=Q+ Kxd8 35. Qxf6+ Kc8 36. Qf8+ Kb7 37. Qg7+ $18)
(30... Qf1+ 31. Kd2 $18) 31. Rxd7 Ke8 (31... Rbxc7 32. Rxc7 Rxc7 (32... Qf1+
33. Kd2 Rd8+ 34. Bd4) 33. Bb4+ $1 Re7 34. Rc7) 32. Qd4 (32. Rd6 Rb6 $1 (32...
Qb5 33. Rxe6+ Kf7 34. Re5 $18)) 32... Rbxc7 33. Rxc7 Rxc7 34. Qh8+ Kd7 35. Qg7+
Kc8 36. Qg8+ Kd7 37. Qxg2 $18) 24. Rhxc3 $16 Ra7 $8 25. a3 (25. a4) 25... Kf8
26. f3 Ke7 27. a4 Ne5 $6 (27... Raa8) 28. Bb6 Raa8 29. a5 $18 Nd7 30. Bd4 Nf6
31. Kf2 Ne8 (31... h5) 32. h5 f6 33. g4 Kd7 34. Bb6 Nd6 35. Bd3 Re8 36. Rc5
Rec8 $138 37. Bc2 Ke7 38. Re1 Ba2 39. Ba4 Nb7 40. Rd1 $1 Nxc5 41. Bxc5+ Kf7 42.
Rd7+ Kg8 43. Bc6 Bd5 44. Bxa8 1-0

[Event "Moscow Tal Memorial 8th"]
[Site "Moscow"]
[Date "2013.06.23"]
[Round "9"]
[White "Nakamura, Hikaru"]
[Black "Morozevich, Alexander"]
[Result "0-1"]
[WhiteElo "2784"]
[BlackElo "2760"]
[Annotator "Sumets,A"]
[PlyCount "98"]
[EventDate "2013.06.13"]
[EventType "tourn"]
[EventRounds "9"]
[EventCountry "RUS"]
[EventCategory "22"]
[SourceTitle "CBM 155"]
[Source "ChessBase"]
[SourceDate "2013.07.16"]
[SourceVersion "1"]
[SourceVersionDate "2013.07.16"]
[SourceQuality "1"]

1. d4 Nf6 2. c4 e6 3. Nf3 d5 4. Bg5 {An interesting way to avoid the Vienna
Variation or the Ragozin Variation.} Bb4+ 5. Nbd2 dxc4 6. e3 {A very rare line.
Usually grandmasters have preferred 6.Qc2 or 6.Qa4.} (6. Qc2 b5 (6... Qd5 $5 7.
Bxf6 gxf6 8. Rd1 $6 (8. a3 $5 Bxd2+ 9. Nxd2 Qxd4 10. Nxc4 Nc6 11. Rd1 Qc5 12.
b4 Qe7 13. e3 $44) 8... f5 9. g3 $2 Nc6 10. a3 Ba5 11. Bg2 Nxd4 $17 {
Chatalbashev,B-Iotov,V Bul - ChT Sunny Beach 2009 0-1 (39)}) 7. a4 c6 8. e4 {
I wouldn't recommend this. White could get an even worse position. In my
opinion White's best setup is connected with g3 and Bg2. Let's see 2 examples:}
(8. Bxf6 gxf6 9. g3 Bb7 10. Bg2 a5 11. O-O Nd7 12. b3 cxb3 13. Nxb3 bxa4 14.
Rxa4 c5 15. Nxc5 $6 {A strange move. White would not have a bad position if he
played 15.dxc5} (15. dxc5 Rc8 16. Rd1 $13) 15... Nxc5 16. dxc5 Rc8 17. Rxb4
axb4 18. Qa4+ Bc6 19. Qxb4 O-O $15 {Vovk,Y-Moiseenko,A UKR-Ch Kiev UKR 2011
0-1 (56)}) (8. g3 Bb7 9. Bg2 Nbd7 10. O-O Qc8 11. b3 c3 12. Ne4 (12. Nb1 $2 c5
13. axb5 Be4 14. Qc1 Nd5 $17 {Postny,E}) 12... Nxe4 13. Qxe4 c5 14. Qg4 h5 15.
Qh4 f6 16. Be3 $44 {Mamedyarov,S-Eljanov,P FIDE GP Elista 20081-0 (40)}) 8...
h6 $1 (8... Nbd7 9. Be2 Bb7 10. O-O h6 11. Bh4 g5 12. Bg3 Nh5 13. e5 g4 14. Nh4
Nxg3 15. fxg3 Nxe5 16. Qe4 Qd5 17. dxe5 Bxd2 18. Qxg4 Qxe5 19. axb5 cxb5 20.
Bf3 h5 21. Qh3 Be4 22. Kh1 a5 23. Rad1 Rd8 24. g4 Rd3 25. gxh5 Qxh5 26. Bxh5
Rxh3 27. Bxf7+ Ke7 28. Bg6 R3xh4 29. Rf7+ Ke8 30. Rf5+ Kd7 31. Rxd2+ Kc6 32.
Rf6 Rxh2+ 33. Kg1 Bd5 34. Be4 Kc5 35. Bxd5 exd5 36. Rf5 Rh1+ 37. Kf2 Rd8 38.
Re2 Kb4 39. Kg3 Rb1 40. Kh2 d4 41. Rff2 d3 42. Rd2 Rd5 43. g4 Kb3 44. Rg2 b4
45. g5 c3 46. bxc3 bxc3 {0-1 Houska,J-Vovk,Y/Hastings ENG 2012}) 9. Bxf6 (9.
Bh4 $6 g5 10. Bg3 g4 11. Ne5 Qxd4 $17) 9... Qxf6 10. Be2 O-O 11. O-O Nd7 12. b3
(12. axb5 cxb5 13. b3 e5 14. bxc4 exd4 15. cxb5 Bb7 $15) 12... c3 $1 (12...
cxb3 $6 13. Nxb3 Bb7 14. axb5 Rfc8 15. Qd3 $11) 13. e5 Qe7 14. Ne4 bxa4 15.
Rxa4 a5 16. Nxc3 Bb7 17. Ne4 c5 $15 {0-1 Sandipan,C-Morozevich,A/Dresden 2008/
CBM 128 (34)}) (6. Qa4+ Nc6 7. a3 (7. e3 Bd7 8. Qc2 b5 9. a3 (9. b3 $5 cxb3 10.
axb3 a6 11. Bd3 Be7 12. Bxf6 gxf6 13. O-O Nb4 14. Qc3 Nxd3 15. Qxd3 Bc6 16.
Rfc1 $44) 9... Be7 10. b3 Na5 (10... cxb3 11. Nxb3 a6 12. Bd3 $44) 11. bxc4
Nxc4 12. Bxc4 bxc4 13. O-O c5 14. dxc5 Rc8 15. Bxf6 gxf6 16. Rfd1 Rxc5 17. Ne4
Rc7 18. Rd4 O-O $11 {Salgado Lopez,I-Delorme,A W Jun Chotowa POL 2010 0-1 (42)}
) 7... Bxd2+ 8. Bxd2 Qd5 9. Qc2 Nxd4 10. Nxd4 Qxd4 11. Bc3 Qg4 (11... Qc5 $5
12. e3 Bd7 13. Bb4 Qc6 {White doesn't have enough compensation for the pawn})
12. f3 Qh4+ 13. g3 Qh6 14. e4 Bd7 15. Bxc4 Bc6 16. Qf2 O-O 17. O-O $44 {
Carlsen,M-Morozevich,A Memorial Tal Blitz Moscow 2008 1-0 (46)}) 6... b5 (6...
c3 $6 {is a risky move. White will get very good compensation.} 7. bxc3 Bxc3 8.
Rc1 Bb4 9. Bd3 (9. Qa4+ $5 {an interesting attempt} Nc6 10. Bb5 Bd7 11. Bxf6
Qxf6 12. Bxc6 Bxd2+ 13. Nxd2 Bxc6 (13... bxc6 $6 14. Qa5 $16) 14. Rxc6 bxc6 15.
Qxc6+ Ke7 16. Nc4 Rhc8 17. Ne5 $44) 9... Nc6 10. O-O O-O 11. Bb1 $6 (11. Rxc6
$1 bxc6 12. Ne5 Bb7 $8 (12... Bxd2 13. Nxc6 $1 Qd6 14. Bxf6 Re8 (14... gxf6 15.
Qg4+ Kh8 16. Qh4 f5 17. Qf6+ Kg8 18. Ne7+ $18) 15. Qg4 Qf8 16. Ne7+ Rxe7 17.
Qe4 g6 18. Bxe7 Qxe7 19. Qxa8 $18) 13. Ne4 Be7 14. Nxf6+ Bxf6 (14... gxf6 15.
Bxf6 $1 Bxf6 16. Qh5 $18) 15. Bxf6 Qxf6 16. Nd7 Qe7 17. Nxf8 Rxf8 18. Qb1 $16)
11... Be7 12. Qb3 Nd5 13. Bxe7 Qxe7 14. Rc5 a5 15. a3 a4 16. Qd3 g6 17. Ba2 Rd8
18. Rfc1 Ra5 19. h4 Nf6 20. Ne4 Rxc5 21. Nxc5 b6 22. Nxa4 Bb7 23. Nb2 Ra8 24.
Nc4 Nb4 25. axb4 Rxa2 26. Qb3 Ra8 27. Nce5 {1/2-1/2 Epishin,V-Rotstein,A/Di
Roseto ITA 2010}) 7. a4 $146 c6 8. Qc2 Bb7 9. Be2 Nbd7 (9... h6 10. Bxf6 $5 (
10. Bh4) 10... Qxf6 11. Ne5 Qe7 12. Bf3 O-O 13. O-O $44 {White has excellent
compensation for the pawn.}) 10. O-O O-O 11. b3 $1 (11. Ne4 $6 h6 12. Bh4 Be7
13. Rfd1 Nxe4 14. Bxe7 Qxe7 15. Qxe4 a6 $17) (11. Rfd1 h6 12. Bh4 a6 {Black
will play ...c5 soon. I don't see compensation for the sacrificed pawn.}) 11...
c3 $1 {Morozevich doesn't want to wait with his own counterplay. Black's pawn
on c3 will divert White.} (11... cxb3 12. Nxb3 (12. Qxb3 Bxd2 13. Nxd2 a6 14.
e4 (14. Ne4 $5 Qe7 15. Rfd1 $44) 14... h6 15. Be3 Qe7) 12... Rc8 13. Qb2 a5 14.
Ne5 $44) (11... c5 $6 {looks interesting but it seems to be that this option
is in White's favour} 12. axb5 c3 13. Nc4 h6 14. Bh4 g5 15. Bg3 Be4 16. Qc1 Nd5
17. Nfe5 Nxe5 18. dxe5 $16) 12. Ne4 h6 13. Bh4 $5 {If White regained the pawn
the position would be equal. After the text move White obtains good chances to
launch a strong attack. Everything will depend on his opponent's tactical
ability .} (13. Bxf6 Nxf6 14. Nxc3 c5 $5 (14... bxa4 $6 15. Nxa4 {Black should
forget about ...c5}) (14... a6 $5 15. Ne5 Rc8 16. Bf3 (16. Nd3 $6 c5) 16... Qe7
17. Ne4 c5 18. Nxf6+ gxf6 19. Ng6 fxg6 20. Qxg6+ $11 {with perpetual check})
15. Nxb5 cxd4 16. Nbxd4 (16. Nfxd4 Rc8 17. Bc4 Qa5 $44) 16... Rc8 17. Bc4 Be4
18. Qe2 Nd5 $44 {Black has good compensation for the pawn.}) 13... g5 $8 14.
Nxf6+ Nxf6 (14... Qxf6 $5 {deserves attention} 15. Bg3 bxa4 16. Rxa4 a5 17. Ne5
Nxe5 18. Bxe5 Qe7 19. f4 f6 20. Rxb4 axb4 21. Bd6 Qxd6 22. Qg6+ $11) 15. Bg3 c5
$1 {As it was mentioned above, both players had to calculate a lot. The
position is very complicated even if you use computer help.} (15... a6 16. Ne5
(16. h4 $5) 16... c5 17. dxc5 Be4 18. Bd3 Qd5 19. Rfd1 Bxd3 20. Nxd3 Bxc5 21.
Nxc5 Qxc5 22. Bd6 Qc6 23. Bxf8 Rxf8 24. axb5 axb5 25. h4 Rc8 26. hxg5 hxg5 {
This position is still difficult to estimate. I think that the vulnerable
position of Black's king gives better chances to White.}) (15... bxa4 $5 16.
Rxa4 (16. bxa4 $6 c5) 16... a5 17. h4 g4 18. Ne5 c5 19. Rd1 Qe7 20. dxc5 Qxc5
21. Rd4 h5 22. Nd3 Qc6 23. Bf1 Rfd8 24. Rc4 Qd5 25. Be5 Ne4 26. Rd4 Qc6 27. Rc4
Qd5 28. Rd4 $11) 16. Bxb5 (16. dxc5 Be4 17. Qc1 bxa4 18. Rxa4 a5 19. Bd6 Bd5 (
19... Re8 $6 20. Bb5 Bxf3 21. gxf3 Nd7 22. e4 Qc8 23. c6 $16) 20. Bxf8 Qxf8 21.
Qc2 Nd7 $15 {The strong passed pawn gives Black an advantage.}) (16. axb5 $5 {
could be a stronger continuation than Bxb5:} Be4 17. Bd3 (17. Qc1 c2 18. dxc5
Bxc5 19. Ra4 Qd5 20. Rc4 Rfd8 $13) 17... Bxf3 18. gxf3 cxd4 19. Ra4 Bc5 (19...
Nd5 $2 20. Be5 $1 f5 21. e4 $18) 20. exd4 Bxd4 21. Rd1 e5 22. Bc4 Kg7 $1 23.
Bxe5 Bxe5 24. Rxd8 Raxd8 25. Qf5 Rd1+ 26. Kg2 Bd4 $13) (16. Rfd1 Be4 17. Bd3 (
17. Qc1 $2 c2 18. Rf1 Bc3 $17) 17... Bxd3 (17... Bxf3 $5 18. gxf3 cxd4 19. Bxb5
Bc5 20. b4 (20. Be5 Nd5 21. Bxd4 Bxd4 22. Rxd4 Qf6 23. Bc6 Rad8 24. Bxd5 Rxd5
25. Qxc3 Qxf3 26. Rxd5 exd5 27. Rc1 $11) 20... Bxb4 21. Rxd4 Qe7 22. Be5 a5 23.
h4 Rfd8 24. hxg5 hxg5 25. Kg2 $44) 18. Rxd3 c4 19. bxc4 bxc4 20. Rdd1 a5 21.
Ne5 Rc8 22. h4 Nh5 $15 {it seems that Black defuses White's attack.}) 16... Be4
17. Qe2 Rc8 18. Ba6 cxd4 (18... Qd5 $5 {Alexander Morozevich indicated this
move at the press conference.} 19. Bxc8 Rxc8 20. Qa6 $1 Qb7 (20... Rc6 $2 21.
Qxa7 Bxf3 22. gxf3 Qxf3 23. Qb7 h5 24. h3 h4 25. Be5 Kg7 (25... g4 26. Bxf6
gxh3 27. Qb8+ Kh7 28. Qh8+ Kg6 29. Qg7+ Kh5 30. Qg5#) 26. Qe7 $18) (20... Qa8
$5 21. Be5 Nd7 22. Rfc1 cxd4 23. Bxd4 Nc5 24. Bxc5 Rxc5 $44 {The position is
very complicated but it seems that Black has sufficient compensation for the
exchange.}) 21. Qxb7 Bxb7 22. dxc5 Ne4 23. Rfc1 Rxc5 $44 {Black's chances
aren't worse.}) 19. Nxd4 (19. Bxc8 $2 d3 $19) (19. exd4 $6 Qd5 $1 20. Bxc8 (20.
Bc4 Bxf3 21. gxf3 Qxd4 22. Be5 Qd8 23. Rfd1 Qe7 24. f4 Rfd8 25. fxg5 hxg5 26.
Rxd8+ Rxd8 27. Qf3 Nd7 28. Bxc3 Bxc3 29. Qxc3 Nf8 30. Bf1 Ng6 $15) 20... Rxc8
21. Qa6 Qb7 22. Qxb7 Bxb7 $44 {(Morozevich). This leads to a better version of
the endgame I indicated before.}) 19... Rc5 20. Rad1 $1 (20. f3 {The idea to
bring the bishop on to the g1-a7 diagonal g1-seems to be wrong} Bg6 21. Bf2 Nd5
22. e4 Nf4 23. Qc2 Qf6 24. Bc4 (24. Ne2 $2 Rd5 $1 25. Rad1 Rfd8 26. Nxf4 Qxf4
27. Bd3 R5d7 $17) 24... Rd8 25. Rad1 Rcc8 26. Ne2 (26. Nb5 $6 g4 $1 27. Nxa7
Rxd1 28. Rxd1 Rxc4 29. bxc4 gxf3 30. Nc6 Ne2+ 31. Kf1 fxg2+ 32. Kxg2 Bh5 33.
Rd8+ Bf8 $19) 26... Rd2 27. Rxd2 cxd2 28. Nxf4 Qxf4 29. Qd3 Qc7 30. Rd1 Rd8 $15
) 20... Nd5 $2 {After this move Morozevich could have got into trouble. The
current position on the board is very complicated and even the computer can
make mistakes here. So we shouldn't criticise the top GMs for the mistakes
that they have made. A human brain can't calculate everything till the end. He
has to trust his intuition.} (20... Qb6 $1 {it seems that after this strong
move Black is out of danger.} 21. f3 (21. Bc4 Bg6 22. Nc2 Ne4 23. Rd4 a5 24.
Rfd1 e5 25. Rd7 Bf5 26. R7d5 Rxd5 27. Rxd5 Nd2 28. Bd3 Bxd3 29. Qxd3 e4 $17)
21... Bg6 22. Bd3 Bxd3 23. Rxd3 Rd8 24. Bf2 Rcd5 25. Rfd1 Qa6 26. Nb5 $11) 21.
Nc2 Qb6 22. Bc4 (22. Bd3 $1 Bxd3 23. Rxd3 a5 24. Be5 $1 {White has a very
strong attack.} Qa6 25. Rfd1 f6 26. Qh5 $1 Kg7 (26... fxe5 $4 27. Qg6+ Kh8 28.
Qxh6+ Kg8 29. Qg6+ Kh8 30. e4 $18) 27. h4 $1 fxe5 28. hxg5 Rc7 29. Qxh6+ Kg8
30. Nxb4 axb4 31. Rxd5 c2 32. Rc1 $18) 22... a5 23. Rd4 Bg6 24. h4 Rcc8 {
A logical human move. Black needs to put his bishop on e7 to protect his king.
The computer move 24...Rd8 doesn't fall in with human logic but is stronger
than 24...Rcc8.} (24... Rd8 $5 25. hxg5 hxg5 26. Rfd1 (26. Rg4 $2 Nf6 27. Rd4
Ne4 $17) (26. Bd3 Bxd3 27. Rxd3 Nf6 28. e4 Rxd3 29. Qxd3 Rc8 $11) 26... Rcc8
27. e4 Nf4 28. Bxf4 gxf4 29. Bxe6 $1 fxe6 30. Qg4 Kf7 31. Qxf4+ Ke8 32. Qf6 Bf7
33. Nxb4 (33. Qh8+ Ke7 34. Qh4+ Ke8) 33... Rxd4 34. Rxd4 axb4 35. Qh8+ Ke7 36.
Qh4+ Ke8 37. Qh8+ $11) 25. hxg5 hxg5 26. Rg4 Be7 27. e4 Nf4 (27... f5 $2 28.
exd5 fxg4 29. d6 Bxd6 30. Qxe6+ Kh7 31. Bxd6 Bxc2 32. Bxf8 Qxe6 33. Bxe6 Rxf8
34. Rc1 Bf5 35. Bxf5+ Rxf5 36. Rxc3 $16) 28. Bxf4 gxf4 29. e5 $2 (29. Qd3 $1 {
White is going to take the annoying pawn.} e5 (29... Rfd8 30. Qxc3 Qd6 31. e5
$16) 30. g3 $1 Rfd8 31. Qxc3 $16 {White gains a pawn and still has chances to
launch an attack.}) 29... Kg7 30. Bd3 $2 {Too late. He should have played Bd3
on the 22nd move.} (30. Qe4 $1 {The position is still unclear.} Rfd8 (30... Rh8
$5 31. Nd4 c2 32. Nxe6+ (32. Nxc2 $6 Rh5 33. Nd4 Rch8 34. g3 R8h6 $17) 32...
Qxe6 33. Bxe6 c1=Q 34. Bxc8 Qxc8 35. Qxf4 $13) 31. Bd3 Kf8 32. Rxg6 fxg6 33.
Qxg6 $44 Rxd3 34. Qxd3 Qxb3 35. Qh7 Rd8 36. Qh8+ Kf7 37. Qh7+ Ke8 38. Qg6+ Kd7
39. Qd3+ Ke8 (39... Kc7 $2 40. Nd4 $16) 40. Qg6+ $11) 30... Rh8 31. g3 Rh6 $17
{Black is ready to launch a decisive counter-attack.} 32. Be4 (32. Rxf4 Rch8
33. Bxg6 fxg6 34. Qf3 Rh1+ 35. Qxh1 Rxh1+ 36. Kxh1 Qxb3 37. Nd4 Qd5+ 38. Kg1
Bc5 39. Nc2 Qd3 40. Ne3 c2 $19) 32... Rch8 33. Qc4 fxg3 34. Rxg3 Rh4 $1 35. Qc6
(35. Ne3 $5 {was the last chance. The position is very clear to a computer,
but a human player could have miscalculated somewhere. Especially if he was in
time trouble.} R8h5 36. Qd3 Kh8 37. Bxg6 fxg6 38. Qd7 Bf8 39. Qc8 Qb4 40. Qa8
c2 41. Nxc2 Rh1+ 42. Kg2 (42. Qxh1 Rxh1+ 43. Kxh1 Qe4+ 44. Kg1 Qxc2 $19) 42...
R5h2+ 43. Kf3 Qc5 44. Rxh1 Qxf2+ 45. Ke4 Qxc2+ 46. Kd4 Qd2+ 47. Kc4 Qb4+ 48.
Kd3 Qxb3+ 49. Kd4 Qxa4+ 50. Kd3 Qb3+ 51. Kd4 Qb4+ 52. Kd3 Qd2+ 53. Kc4 Qd5+ 54.
Qxd5 exd5+ 55. Kxd5 Rxh1 $19) 35... Qxc6 36. Bxc6 Bc5 {The endgame is
completely winning for Black.} 37. Rc1 (37. Rxc3 Rg4+ 38. Bg2 Be4 39. Ne1 Bd4
40. Rc4 Bd5 41. Rc1 Bxe5 $19) 37... Rf4 38. Ne3 Bd4 $19 39. Bb5 Kf8 40. Bc6
Bxe5 41. Nd1 Rb4 42. Rxg6 (42. Rgxc3 Bxc3 43. Rxc3 Kg7 $19) 42... fxg6 43. Nxc3
Ke7 44. Bg2 Rxb3 45. Ne4 Rd8 46. Re1 Rbd3 47. Kf1 Rd1 48. Nc5 Rxe1+ 49. Kxe1
Rd4 0-1